<?xml version="1.0" encoding="UTF-8"?>
<collection xmlns="http://www.loc.gov/MARC21/slim">
  <record>
    <leader>00000nam  2200000   4500</leader>
    <controlfield tag="001">INLIS000000000013188</controlfield>
    <controlfield tag="005">20220808102113</controlfield>
    <datafield tag="035" ind1="#" ind2="#">
      <subfield code="a">0010-0722000026</subfield>
    </datafield>
    <datafield tag="245" ind1="1" ind2="#">
      <subfield code="a">Strategi Percepatan Pemerataan Mutu Pendidikan Dasar Wilayah Pinggiran Melalui Penerapan Pembelajaran Berbasis Komputerisasi Dinas Pendidikan Kabupaten Berau Pelatihan /</subfield>
      <subfield code="c">Drs. Murjani, M.Si.</subfield>
    </datafield>
    <datafield tag="100" ind1=" " ind2="#">
      <subfield code="a">MURJANI</subfield>
    </datafield>
    <datafield tag="250" ind1="#" ind2="#">
      <subfield code="a">1</subfield>
    </datafield>
    <datafield tag="300" ind1="#" ind2="#">
      <subfield code="a">viii, 63 halaman; lampiran :</subfield>
      <subfield code="b">ilustrasi ;</subfield>
      <subfield code="c">30 cm</subfield>
    </datafield>
    <datafield tag="260" ind1="#" ind2="#">
      <subfield code="a">Samarinda :</subfield>
      <subfield code="b">Puslatbang KDOD,</subfield>
      <subfield code="c">2020</subfield>
    </datafield>
    <datafield tag="084" ind1="#" ind2="#">
      <subfield code="a">PKN 283 2020</subfield>
    </datafield>
    <datafield tag="650" ind1="#" ind2="4">
      <subfield code="a">Proyek Perubahan</subfield>
    </datafield>
    <datafield tag="650" ind1="#" ind2="4">
      <subfield code="a">Kepemimpinan Nasional Tingkat II</subfield>
    </datafield>
    <datafield tag="650" ind1="#" ind2="4">
      <subfield code="a">teknologi informasi</subfield>
    </datafield>
    <datafield tag="650" ind1="#" ind2="4">
      <subfield code="a">sistem  infomasi</subfield>
    </datafield>
    <datafield tag="650" ind1="#" ind2="4">
      <subfield code="a">pendidikan dasar</subfield>
    </datafield>
    <datafield tag="650" ind1="#" ind2="4">
      <subfield code="a">pendidikan komputer</subfield>
    </datafield>
    <datafield tag="650" ind1="#" ind2="4">
      <subfield code="a">inovasi pemerintah</subfield>
    </datafield>
    <datafield tag="650" ind1="#" ind2="4">
      <subfield code="a">inovasi pendidikan</subfield>
    </datafield>
    <datafield tag="520" ind1="#" ind2="#">
      <subfield code="a">Laporan proyek perubahan ini didorong belum meratanya mutu pendidikan di Kabupaten Berau dan beberapa wilayah dengan sarana prasarana yang belum memadai. Proyek Strategi Percepatan Pemerataan Mutu Pendidikan Dasar Wilayah Pinggiran Melalui Penerapan Pembelajaran Berbasis Komputerisasi dengan memperkenalkan teknologi kepada peserta didik di wilayah pinggiran Kebupaten Berau secara bertahap sehingga terwujudnya pembelajaran berbasis komputerasasi pada pendidikan dasar pada seluruh wilayah pinggiran, serta meningkatkan kualitas lulusan jenjang pendidikan dasar demi masyarakat yang cerdas, sehat dan sejahtera.</subfield>
    </datafield>
    <datafield tag="500" ind1="#" ind2="#">
      <subfield code="a">Coach : Prof. Dr. Sukisno S. Riadi M.M&#13;
Penguji : Ismayanti, DEM.., DEA&#13;
Mentor : Ir. M. Gazali, S.Ip. MM.</subfield>
    </datafield>
    <controlfield tag="008">220808################|##########|#|##</controlfield>
    <datafield tag="990" ind1="#" ind2="#">
      <subfield code="a">PKN/283/2020</subfield>
    </datafield>
  </record>
</collection>
